| 000 | 00491nam a2200169 a 4500 | ||
|---|---|---|---|
| 001 | 000027443 | ||
| 005 | 20200930030834.0 | ||
| 008 | 110331s1993 dr 000 | spa d | ||
| 040 |
_aDO-SdBNP _bspa _cBNPHU |
||
| 082 |
_axxx _bR459g |
||
| 100 | 1 |
_aReynés, Jaime _952283 |
|
| 245 | 1 | 0 |
_aGénesis : _blecturas liberadoras de la biblia / _cJaime Reynés. |
| 260 |
_aSanto Domingo : _bAmigo del Hogar, _c1993. |
||
| 300 |
_a103 p. ; _c22 cm. |
||
| 504 | _aIncluye bibliografía. | ||
| 049 | _aBNPD | ||
| 999 |
_c26935 _d26935 |
||